Tending the earth: Traditional, sustainable agriculture in India (Record no. 40735)

MARC details
000 -LEADER
fixed length control field 00349nam a2200121Ia 4500
082 ## - DEWEY DECIMAL CLASSIFICATION NUMBER
Classification number 631S(540)
Item number PER
100 ## - MAIN ENTRY--AUTHOR NAME
Personal name Pereira, Winin
245 #0 - TITLE STATEMENT
Title Tending the earth: Traditional, sustainable agriculture in India
260 ## - PUBLICATION, DISTRIBUTION, ETC. (IMPRINT)
Place of publication Bombay
Name of publisher Earthcase books
Year of publication 1993
650 ## - SUBJECT ADDED ENTRY--TOPICAL TERM
Topical Term Genetic heritage
942 ## - ADDED ENTRY ELEMENTS (KOHA)
Koha item type Books
Holdings
Withdrawn status Lost status Damaged status Not for loan Home library Current library Date acquired Cost, normal purchase price Full call number Accession Number Koha item type
        RRII Library RRII Library 16/12/2021 150.00 631S(540) PER 21032 Books